00550nam a22001457a 450000500170000000800410001702000180005804000100007608200180008610000240010424500830012826000430021130000140025465001360026820260218144130.0260218b |||||||| |||| 00| 0 eng d a9789393875037 cVITAP 223a070.4 NAM aNambath, Suresh Ed. aThe Hindu Book of Editorials 2021b: A Curated Selectionc/ Suresh Nambath Ed. aChennaibTHG Publishing Pvt Ltd.c2023 a324p,21cm 0aIndian Politics & Governance, COVID-19 Pandemic, Economic Issues, Agriculture & Farmers’ Protests, Judiciary & Legal Affairs etc.